000 00900nam a2200229 a 4500
001 000037438
005 20200930080354.0
008 120418s1996 sp 000 0 spa d
020 _z840075919
040 _aDO-SdBNP
_bspa
_cBNPHU
082 _axxxx
_bxxxx
100 1 _aSevilla Soler, María Rosario
_963883
245 1 3 _aLa guerra de Cuba y la memoria colectiva /
_cMaría Rosario Sevilla Soler.
260 _aSevilla :
_bEscuela de Estudios Hispano-Americanos, CSIC,
_c1996.
300 _a176 p. ;
_c21 cm.
490 1 _aPublicaciones de la Escuela de Estudios Hispano-Americanos de Sevilla
490 1 _aDifusión y estudio.
_v384
500 _aIncluye referencias bibliograficas y notas al pie de las paginas
504 _aBibliografía : p. 173-176
830 0 _aPublicaciones de la Escuela de Estudios Hispano-Americanos de Sevilla
_930488
830 0 _aDifusión y estudio ;
_n384
_963884
999 _c36928
_d36928